[Event "Michigan Class B"]
[Site "Grand Rapids, MI"]
[Date "1998.??.??"]
[Round "?"]
[White "Rotberg, Victor"]
[Black "Brumley, Ron"]
[Result "0-1"]
[WhiteElo "1710"]
[BlackElo "1645"]
[PlyCount "82"]
[EventDate "1998.01.??"]

1. d4 Nf6 2. c4 g6 3. Nc3 Bg7 4. e4 d6 5. Nf3 O-O 6. Be2 c5 7. h3 cxd4 8. Nxd4
Nc6 9. Nb3 Be6 10. O-O Rc8 11. f4 Na5 12. Nxa5 Qxa5 13. Nd5 Bxd5 14. exd5 Qc5+
15. Kh2 b5 16. cxb5 Nxd5 17. Qd3 e6 18. a3 Rfd8 19. Bf3 Nb6 20. Rb1 d5 21. b3
Qc3 22. Qd1 Rc5 23. b4 Rc7 24. a4 Nc4 25. Re1 Ra8 26. a5 Rb8 27. Rb3 Qf6 28.
Be2 Rxb5 29. Rb1 Bf8 30. Bxc4 Rxc4 31. Rf1 Rbxb4 32. Rxb4 Bxb4 33. a6 Qa1 34.
Qb3 Qxa6 35. Bb2 Qc6 36. Be5 Bd6 37. Qa2 Bxe5 38. fxe5 Qc7 39. Qf2 Qxe5+ 40.
Kh1 Qc7 41. Qh4 Rxh4 0-1

[Event "Michigan Open"]
[Site "Flint, MI"]
[Date "1998.??.??"]
[Round "?"]
[White "Rosenberg, Steve"]
[Black "Garrison, Ray"]
[Result "0-1"]
[WhiteElo "1930"]
[BlackElo "1820"]
[PlyCount "80"]
[EventDate "1998.09.??"]

{9/6} 1. g3 g6 2. Bg2 Bg7 3. Nf3 d6 4. e4 c6 5. d4 f5 6. Nc3 fxe4 7. Nxe4 Nf6
8. Nxf6+ Bxf6 9. c3 O-O 10. O-O Nd7 11. Ng5 Nb6 12. Ne4 Bg7 13. Qe2 e5 14. Bg5
Qc7 15. dxe5 Bxe5 16. Bh6 Rf7 17. Ng5 Re7 18. Qf3 Bf5 19. Rfe1 d5 20. Bf1 Qd7
21. Qe3 Rae8 22. Qd2 Na4 23. Nf3 Bf6 24. Rxe7 Qxe7 25. Be3 Nc5 26. Nd4 Bg4 27.
h3 Ne4 28. Qc2 Bd7 29. Bg2 Nxg3 30. Bf4 Bxd4 31. Bxg3 Bf5 32. Qd2 Bf6 33. Bf4
Qe2 34. Bf1 Qf3 35. Kh2 Bxh3 36. Bxh3 Re2 37. Be6+ Rxe6 38. Bg3 Re2 39. Qh6 Be5
40. Qh4 Rxf2+ 0-1

[Event "Michigan Open"]
[Site "Flint, MI"]
[Date "1998.??.??"]
[Round "?"]
[White "Rosenberg, Steve"]
[Black "Ciaffone, Bob"]
[Result "0-1"]
[WhiteElo "1930"]
[BlackElo "2200"]
[PlyCount "90"]
[EventDate "1998.09.??"]

{9/4} 1. e4 c5 2. Nf3 e6 3. d4 cxd4 4. Nxd4 a6 5. Be3 Nf6 6. Bd3 Nc6 7. c3 Qc7
8. Nd2 Be7 9. h3 d5 10. N4f3 e5 11. Qc2 h6 12. O-O O-O 13. Rfe1 Be6 14. Rad1
Rac8 15. Nb3 dxe4 16. Bxe4 Nxe4 17. Qxe4 f5 18. Qc2 Kh8 19. a3 b6 20. Nc1 f4
21. Bd2 Bf5 22. Qa4 e4 23. Nd4 Nxd4 24. cxd4 e3 25. fxe3 fxe3 26. Bxe3 Bc2 27.
Qxa6 Bxd1 28. Rxd1 Qc2 29. Re1 Bh4 30. Re2 Qd1+ 31. Kh2 Rxc1 32. Bxc1 Qxc1 33.
g3 Qc7 34. Rg2 Bf6 35. Qa4 Rd8 36. Rd2 Qd7 37. Qxd7 Rxd7 38. d5 Kg8 39. Kg2 Kf7
40. a4 Ke7 41. Rd3 Bxb2 42. Rb3 Bd4 43. Rb5 Ra7 44. Rb4 Bc5 45. Rg4 Kd6 0-1

[Event "Michigan Open"]
[Site "Flint, MI"]
[Date "1998.??.??"]
[Round "?"]
[White "Rosenberg, Steve"]
[Black "Burke, Tim"]
[Result "1/2-1/2"]
[WhiteElo "1930"]
[BlackElo "1755"]
[PlyCount "108"]
[EventDate "1998.09.??"]

{9/5} 1. e4 c5 2. Nf3 Nc6 3. g3 g6 4. Bg2 Bg7 5. O-O Nf6 6. d3 O-O 7. Nc3 d5 8.
Bd2 a6 9. Re1 e6 10. Qc1 b5 11. Bg5 d4 12. Ne2 Qb6 13. Bh6 e5 14. Bxg7 Kxg7 15.
a3 h6 16. h3 Be6 17. Nh4 Nd7 18. f4 f6 19. f5 Bf7 20. fxg6 Bxg6 21. g4 c4 22.
Ng3 Ne7 23. Ngf5+ Bxf5 24. Nxf5+ Nxf5 25. exf5 Rac8 26. Qd2 Nc5 27. Be4 Nxe4
28. Rxe4 c3 29. Qc1 cxb2 30. Qxb2 Rc3 31. Kf1 Qc5 32. Re2 Rc8 33. Qb4 Kf7 34.
Qxc5 R8xc5 35. Ra2 Ke7 36. Ke1 Kd6 37. Kd2 a5 38. h4 Rc7 39. Rg2 Kd5 40. g5 e4
41. dxe4+ Kxe4 42. gxf6 Kxf5 43. Rf2+ Ke6 44. Rf4 Rh3 45. Rxd4 Rc4 46. Rxc4
bxc4 47. a4 Kxf6 48. Ra1 c3+ 49. Ke2 Rxh4 50. Kd3 Rh3+ 51. Kc4 Ke6 52. Kb5 Rh2
53. Kxa5 Rxc2 54. Kb5 Rd2 1/2-1/2

[Event "Michigan Open"]
[Site "Flint, MI"]
[Date "1998.??.??"]
[Round "?"]
[White "Rosenberg, Steve"]
[Black "Belill, Nathan"]
[Result "0-1"]
[WhiteElo "1930"]
[BlackElo "1605"]
[PlyCount "94"]
[EventDate "1998.09.??"]

{9/7} 1. e4 c5 2. Nf3 d6 3. d4 cxd4 4. Nxd4 Nf6 5. Nc3 a6 6. Bc4 e6 7. Bg5 Be7
8. Nf3 b5 9. Bb3 Bb7 10. Qd4 Nc6 11. Qe3 h6 12. Bh4 Ng4 13. Qf4 Bxh4 14. Qxg4
Bf6 15. Rb1 Bxc3+ 16. bxc3 Qf6 17. O-O O-O 18. c4 b4 19. Ba4 a5 20. Rfd1 Rfd8
21. Rd3 Ne5 22. Nxe5 Qxe5 23. Re3 Rdc8 24. Qe2 Ba6 25. Bb5 Qc5 26. Bxa6 Rxa6
27. c3 Qxc4 28. cxb4 axb4 29. g3 Rxa2 30. Qf3 Rc2 31. Qf4 Rc1+ 32. Rxc1 Qxc1+
33. Kg2 Qc5 34. h4 Qb6 35. g4 b3 36. g5 hxg5 37. Qxg5 b2 38. Rg3 Qd4 39. h5
b1=Q 40. h6 Qbxe4+ 41. f3 Qe2+ 42. Kh3 Qf1+ 43. Rg2 Qh1+ 44. Kg3 Qe5+ 45. Qxe5
dxe5 46. hxg7 Qxg2+ 47. Kxg2 Kxg7 0-1

[Event "U.S. Amateur North"]
[Site "Detroit, MI"]
[Date "1998.??.??"]
[Round "?"]
[White "Rogers, Bradley"]
[Black "al-Shareef, Robert"]
[Result "1-0"]
[WhiteElo "2105"]
[BlackElo "1685"]
[PlyCount "57"]
[EventDate "1998.05.??"]

{5/23} 1. d4 Nf6 2. c4 g6 3. Nc3 d5 4. cxd5 Nxd5 5. e4 Nxc3 6. bxc3 Bg7 7. Bc4
O-O 8. Ne2 c5 9. O-O Nc6 10. Be3 cxd4 11. cxd4 Bg4 12. f3 Na5 13. Bxf7+ Rxf7
14. fxg4 Rxf1+ 15. Kxf1 Rc8 16. Kg1 Nc4 17. Bf2 b6 18. Rc1 Kh8 19. Qa4 Na5 20.
Rxc8 Qxc8 21. h3 e5 22. d5 Bf8 23. Kh2 Bd6 24. Bg3 Qf8 25. Qd7 Bb8 26. Bh4 Nc4
27. Qe6 h6 28. Qxg6 Qg7 29. Bf6 1-0

[Event "Michigan Open"]
[Site "Flint, MI"]
[Date "1998.??.??"]
[Round "?"]
[White "Rogers, Bradley"]
[Black "Williams, Ron"]
[Result "1/2-1/2"]
[WhiteElo "2090"]
[BlackElo "1840"]
[PlyCount "130"]
[EventDate "1998.09.??"]

{9/5} 1. d4 Nf6 2. c4 Nc6 3. Nc3 e5 4. d5 Ne7 5. e4 Ng6 6. Be3 Bb4 7. f3 O-O 8.
Nge2 d6 9. a3 Bxc3+ 10. Nxc3 Nh5 11. Qd2 b6 12. O-O-O Bd7 13. g3 Qe7 14. Bd3 a6
15. Qf2 Rab8 16. Rhg1 Qe8 17. f4 f5 18. exf5 Bxf5 19. Bxf5 Rxf5 20. Qc2 Rf8 21.
f5 Ne7 22. g4 Nf6 23. g5 Nd7 24. Rdf1 g6 25. f6 Nc8 26. Ne4 Qf7 27. Qd3 Nc5 28.
Bxc5 bxc5 29. h4 a5 30. Nf2 a4 31. Ng4 Kh8 32. Rf3 Rb3 33. Qd1 Rxf3 34. Qxf3
Nb6 35. Nh6 Qd7 36. Rg4 Nc8 37. Rg2 Nb6 38. Rc2 Nc8 39. Rh2 Qe8 40. Kc2 Nb6 41.
Qe4 Nd7 42. Rf2 Nb6 43. Qg4 e4 44. Qe6 e3 45. Re2 Nxc4 46. Kc3 Ne5 47. Rxe3 Qb8
48. Kc2 Re8 49. Qh3 Qb5 50. Kb1 Rb8 51. Qg2 Qc4 52. f7 Qd4 53. Qf2 Nxf7 54.
Nxf7+ Kg7 55. Nh6 Qd1+ 56. Ka2 Qxd5+ 57. Kb1 Qd1+ 58. Ka2 Qd5+ 59. b3 axb3+ 60.
Kb2 Qd4+ 61. Kb1 Qd1+ 62. Kb2 Qd4+ 63. Kb1 Qd1+ 64. Kb2 Qd4+ 65. Kb1 Qd1+
1/2-1/2

[Event "U.S. Amateur North"]
[Site "Detroit, MI"]
[Date "1998.??.??"]
[Round "?"]
[White "Rogers, Bradley"]
[Black "Turner, Keita"]
[Result "1/2-1/2"]
[WhiteElo "2105"]
[BlackElo "1900"]
[PlyCount "83"]
[EventDate "1998.05.??"]

{5/24} 1. d4 Nf6 2. c4 g6 3. Nc3 Bg7 4. e4 d6 5. f3 O-O 6. Be3 e5 7. d5 Nh5 8.
Nge2 f5 9. Qd2 Nd7 10. Bg5 Nhf6 11. h4 fxe4 12. Nxe4 Nxe4 13. fxe4 Nf6 14. Ng3
c6 15. O-O-O cxd5 16. cxd5 Qc7+ 17. Kb1 Ng4 18. Rc1 Qb6 19. Qc3 Rf2 20. Be2
Rxg2 21. Rhf1 h6 22. Qf3 Rf2 23. Rxf2 Qxf2 24. Be7 Qxf3 25. Bxf3 Bf8 26. Bxf8
Kxf8 27. Rxc8+ Rxc8 28. Bxg4 Rc4 29. b3 Rb4 30. Kc2 h5 31. Bf3 Rb5 32. Ne2 Rc5+
33. Kd2 Ke7 34. Ng1 b5 35. b4 Rc4 36. a3 a5 37. bxa5 Ra4 38. Be2 Rxa3 39. Bxb5
Rxa5 40. Bd3 Kf6 41. Nf3 Ra2+ 42. Bc2 1/2-1/2

[Event "Michigan Open"]
[Site "Flint, MI"]
[Date "1998.??.??"]
[Round "?"]
[White "Rogers, Bradley"]
[Black "Masek, Adam"]
[Result "1-0"]
[WhiteElo "2090"]
[BlackElo "1605"]
[PlyCount "79"]
[EventDate "1998.09.??"]

{9/6} 1. d4 d5 2. Nf3 Nf6 3. g3 c6 4. Bg2 Bf5 5. O-O e6 6. b3 Nbd7 7. Bb2 Bd6
8. Nbd2 Qe7 9. c4 e5 10. dxe5 Nxe5 11. cxd5 cxd5 12. Nd4 Be6 13. Nb5 h5 14. h4
Neg4 15. Nc4 Bb8 16. Ba3 Qd7 17. Ncd6+ Kd8 18. e4 a6 19. exd5 Bf5 20. Nd4 Bxd6
21. Bxd6 Be4 22. Bxe4 Nxe4 23. Bf4 Nc3 24. Qf3 Nxd5 25. Rad1 Ke8 26. Rfe1+ Kf8
27. Nf5 Re8 28. Rxe8+ Qxe8 29. Qxd5 g6 30. Nd6 Qd7 31. Qxb7 Qe6 32. Ne4 Kg7 33.
Ng5 Qf5 34. Qd5 Qf6 35. Ne4 Qb2 36. Bd2 Rc8 37. Qd3 Kh7 38. Bc3 Rxc3 39. Qxc3
Qe2 40. Ng5+ 1-0

[Event "Michigan Open"]
[Site "Flint, MI"]
[Date "1998.??.??"]
[Round "?"]
[White "Roe, Philip"]
[Black "Turgut, Tansel"]
[Result "0-1"]
[WhiteElo "2045"]
[BlackElo "2360"]
[PlyCount "94"]
[EventDate "1998.09.??"]

{9/5} 1. e4 e5 2. Nf3 Nc6 3. Bb5 a6 4. Ba4 d6 5. O-O Bd7 6. c3 Nge7 7. d4 Ng6
8. d5 Nb8 9. c4 Be7 10. Nc3 h6 11. Be3 Bg5 12. Nxg5 hxg5 13. g3 b6 14. Qd2 f6
15. b4 a5 16. a3 Bxa4 17. Nxa4 Qd7 18. Nc3 Kf7 19. c5 bxc5 20. bxc5 Na6 21. c6
Qh3 22. f3 g4 23. Rab1 gxf3 24. Rxf3 Rhb8 25. Rff1 Qc8 26. Nb5 a4 27. Rb2 Ne7
28. Rfb1 f5 29. Qf2 g6 30. Ba7 Kg7 31. Bxb8 Rxb8 32. Na7 Rxb2 33. Qxb2 Qd8 34.
Qc2 fxe4 35. Qxe4 Nc5 36. Qf3 Nf5 37. Nb5 Qb8 38. Nc3 Qa7 39. Kg2 Nb3 40. Ne4
Qd4 41. Ng5 Qd2+ 42. Qf2 Qxg5 43. Qa7 Qd2+ 44. Kh3 Ne3 45. Qxc7+ Kh6 46. Rg1
Qe2 47. g4 Qf3+ 0-1

[Event "Michigan Open"]
[Site "Flint, MI"]
[Date "1998.??.??"]
[Round "?"]
[White "Roe, Philip"]
[Black "Santiago, Reynaldo"]
[Result "1-0"]
[WhiteElo "2045"]
[BlackElo "2035"]
[PlyCount "41"]
[EventDate "1998.09.??"]

{9/7} 1. e4 c5 2. Nf3 d6 3. d4 cxd4 4. Nxd4 Nf6 5. Nc3 a6 6. f4 Qc7 7. Bd3 g6
8. O-O Bg7 9. Nf3 Nbd7 10. Qe1 e5 11. Qh4 b5 12. fxe5 dxe5 13. Bh6 O-O 14. Ng5
Bb7 15. Rf3 Nh5 16. Bxg7 Kxg7 17. Rxf7+ Kg8 18. Rg7+ Kh8 19. Rxh7+ Kg8 20. Rg7+
Kh8 21. Rxg6 1-0

[Event "Michigan Open"]
[Site "Flint, MI"]
[Date "1998.??.??"]
[Round "?"]
[White "Roe, Philip"]
[Black "Masek, Adam"]
[Result "1-0"]
[WhiteElo "2045"]
[BlackElo "1605"]
[PlyCount "71"]
[EventDate "1998.09.??"]

{9/5} 1. e4 c6 2. d4 d5 3. Nc3 dxe4 4. Nxe4 Nd7 5. Bd3 Ngf6 6. c3 Nxe4 7. Bxe4
Nf6 8. Bc2 e6 9. Nf3 Be7 10. O-O O-O 11. Bg5 g6 12. Qe2 Nd7 13. Qe3 Bxg5 14.
Nxg5 Re8 15. Rad1 Qe7 16. f4 Nf8 17. Rde1 f6 18. Nf3 Bd7 19. h3 Qg7 20. g4 Re7
21. g5 Rae8 22. Bb3 Kh8 23. Kg2 f5 24. Kg3 Bc8 25. h4 a6 26. Rf2 Bd7 27. Rh2
Bc8 28. Reh1 c5 29. h5 cxd4 30. cxd4 gxh5 31. Rxh5 Ng6 32. R5h2 e5 33. dxe5
Rxe5 34. Qd4 Nxf4 35. Nxe5 Qxg5+ 36. Kf3 $138 1-0

[Event "Michigan Open"]
[Site "Flint, MI"]
[Date "1998.??.??"]
[Round "?"]
[White "Roe, Philip"]
[Black "Chehayeb, Sal"]
[Result "0-1"]
[WhiteElo "2045"]
[BlackElo "1950"]
[PlyCount "66"]
[EventDate "1998.09.??"]

{9/7} 1. Nc3 d5 2. e4 dxe4 3. Nxe4 e5 4. Bc4 Nf6 5. Ng5 Bc5 6. Nxf7 Bxf2+ 7.
Kxf2 Qd4+ 8. Ke1 Qh4+ 9. g3 Qxc4 10. Nxh8 Qe4+ 11. Qe2 Qxh1 12. Qxe5+ Kf8 13.
Qe3 Bg4 14. d3 Nbd7 15. Qf2 Kg8 16. Bf4 Re8+ 17. Kd2 Qd5 18. c4 Ne4+ 19. Kc2
Qxd3+ 20. Kxd3 Nxf2+ 21. Kd4 c5+ 22. Kd5 Nf6+ 23. Kxc5 Nd3+ 24. Kd6 Nxf4 25.
gxf4 Kxh8 26. Kc7 b6 27. b4 Rc8+ 28. Kb7 Rxc4 29. b5 Ra4 30. h3 Bd7 31. Rb1
Rxa2 32. Nf3 Bf5 33. Rd1 Be4+ 0-1

[Event "Lansing Mini-Swiss.2"]
[Site "Lansing, MI"]
[Date "1998.??.??"]
[Round "?"]
[White "Robinson, Erik"]
[Black "Jointer, William"]
[Result "0-1"]
[WhiteElo "1605"]
[BlackElo "1605"]
[PlyCount "46"]
[EventDate "1998.??.??"]

1. c4 Nf6 2. Nc3 g6 3. g3 Bg7 4. Bg2 O-O 5. d4 c6 6. Bf4 d5 7. c5 Nbd7 8. Nh3
b6 9. b4 a5 10. a3 axb4 11. axb4 Rxa1 12. Qxa1 Nh5 13. b5 cxb5 14. Nxb5 bxc5
15. Bc7 Qe8 16. Bxd5 Ndf6 17. Bc4 Bxh3 18. Rg1 Qc6 19. Qd1 Ra8 20. e3 cxd4 21.
Be2 dxe3 22. fxe3 Ne4 23. Nd4 Qc3+ 0-1

[Event "Lansing Mini-Swiss.2"]
[Site "Lansing, MI"]
[Date "1998.??.??"]
[Round "?"]
[White "Robinson, Erik"]
[Black "Asbury, Victor"]
[Result "1-0"]
[WhiteElo "1605"]
[BlackElo "1605"]
[PlyCount "127"]
[EventDate "1998.??.??"]

1. d4 Nf6 2. Bg5 g6 3. Nd2 Bg7 4. e4 O-O 5. e5 Ne8 6. c3 d5 7. Bd3 c6 8. f4 Qc7
9. Ngf3 f5 10. O-O b6 11. Qe1 e6 12. Qh4 c5 13. Bh6 c4 14. Be2 Qf7 15. b4 b5
16. Bg5 Nc7 17. Be7 Re8 18. Bd6 h6 19. Qg3 Nc6 20. Bxc7 Qxc7 21. Qxg6 Qf7 22.
Qg3 Kh7 23. Qh3 Kg8 24. Kh1 Kf8 25. Ng1 Ke7 26. Bh5 Qf8 27. Qh4+ Kd7 28. Bxe8+
Qxe8 29. Ne2 Qg6 30. Rg1 Bb7 31. g4 Rg8 32. Rg2 Ne7 33. a4 bxa4 34. Rxa4 a6 35.
h3 Bf8 36. Qe1 fxg4 37. hxg4 Qd3 38. Nf1 Qe4 39. Ra1 Rxg4 40. Qf2 Nf5 41. Kh2
Rh4+ 42. Kg1 Rh3 43. Neg3 Qd3 44. Nxf5 Qxf5 45. Rg3 Rh5 46. Rg8 Qe4 47. Ng3 Qh7
48. Rxf8 Qg7 49. Rf6 Rh3 50. Kg2 Qg4 51. Rh1 Rxh1 52. Kxh1 h5 53. f5 h4 54.
fxe6+ Kc7 55. Nf1 h3 56. e7 Bc8 57. e8=Q Qe4+ 58. Rf3 Bg4 59. Nh2 Qb1+ 60. Qg1
Bxf3+ 61. Nxf3 Qe4 62. Qf7+ Kc6 63. Qgg6+ Qxg6 64. Qxg6+ 1-0

[Event "Michigan Amateur"]
[Site "Kalamazoo "]
[Date "1998.??.??"]
[Round "?"]
[White "Rivers, R."]
[Black "Thomas, Courtney"]
[Result "0-1"]
[WhiteElo "1605"]
[BlackElo "1605"]
[PlyCount "86"]
[EventDate "1998.07.??"]

{7/18} 1. e4 d5 2. exd5 Nf6 3. d4 Bg4 4. Be2 Bxe2 5. Qxe2 Qxd5 6. Nf3 Nc6 7. c4
Qh5 8. Nc3 O-O-O 9. Be3 e6 10. Ng5 Qg6 11. a3 Be7 12. b4 Nxd4 13. Bxd4 Qxg5 14.
Bxa7 Qxg2 15. Qf1 Qxf1+ 16. Kxf1 b6 17. c5 Kb7 18. Nb5 c6 19. Bxb6 Rd3 20. Nc7
Nd5 21. Nxd5 Rxd5 22. a4 Bd8 23. Bxd8 Rhxd8 24. Kg2 Ka6 25. h4 Rb8 26. Rhb1 Rd4
27. b5+ cxb5 28. c6 Rc4 29. Rc1 Rxc1 30. Rxc1 Rc8 31. axb5+ Kxb5 32. c7 Kb6 33.
Rb1+ Kxc7 34. Rc1+ Kd7 35. Rxc8 Kxc8 36. f4 Kd7 37. Kg3 g6 38. Kg4 Kd6 39. h5
Kd5 40. hxg6 hxg6 41. Kg5 Ke4 42. Kf6 Kxf4 43. Kxf7 g5 0-1

[Event "Michigan Amateur"]
[Site "Kalamazoo "]
[Date "1998.??.??"]
[Round "?"]
[White "Rivers, R."]
[Black "McNair, Shawn"]
[Result "0-1"]
[WhiteElo "1605"]
[BlackElo "1605"]
[PlyCount "48"]
[EventDate "1998.07.??"]

{7/18} 1. d4 Nf6 2. Nf3 d5 3. c4 dxc4 4. Nc3 e6 5. Bg5 Be7 6. e3 Nc6 7. Bxc4
O-O 8. a3 Na5 9. Bd3 Ng4 10. Bxe7 Qxe7 11. O-O Rd8 12. Rc1 e5 13. b4 exd4 14.
e4 dxc3 15. bxa5 Qxa3 16. Ra1 Qd6 17. Bc2 Be6 18. Qb1 Bc4 19. e5 Nxe5 20. Nxe5
Bxf1 21. Bxh7+ Kf8 22. Ng6+ fxg6 23. Qxf1 c2 24. Qe2 Qd1+ 0-1

[Event "Kalamazoo Mini-Swiss.1"]
[Site "Kalamazoo, MI"]
[Date "1998.??.??"]
[Round "?"]
[White "Ritter, H."]
[Black "Treacy, Joe"]
[Result "1-0"]
[WhiteElo "1840"]
[BlackElo "1605"]
[PlyCount "59"]
[EventDate "1998.??.??"]

1. d4 Nf6 2. Nc3 g6 3. e4 d6 4. f3 Bg7 5. Be3 O-O 6. Qd2 Nbd7 7. O-O-O e5 8.
Nge2 b6 9. Bh6 exd4 10. Nxd4 Ne5 11. h4 a6 12. Kb1 b5 13. Qg5 Nh5 14. Bxg7 Qxg5
15. hxg5 Kxg7 16. Nd5 c5 17. Nf5+ gxf5 18. Rxh5 fxe4 19. Be2 exf3 20. gxf3 Bf5
21. Ne3 Bg6 22. Rh4 Rad8 23. f4 Nc6 24. f5 Rfe8 25. Rh3 Nd4 26. Bg4 Rxe3 27.
Rxe3 Nxf5 28. Ree1 Nd4 29. Rd2 Bxc2+ 30. Rxc2 1-0

[Event "Michigan Senior"]
[Site "Ann Arbor, MI"]
[Date "1998.??.??"]
[Round "?"]
[White "Richter, William"]
[Black "Merte, Otto"]
[Result "1-0"]
[WhiteElo "1605"]
[BlackElo "1605"]
[PlyCount "31"]
[EventDate "1998.06.??"]

{6/14} 1. d4 Nf6 2. Nc3 d5 3. e4 dxe4 4. f3 exf3 5. Nxf3 e6 6. Bc4 c5 7. Ne2
cxd4 8. Nexd4 Be7 9. O-O O-O 10. Qe1 Bd7 11. Bd3 Nc6 12. Nxc6 Bxc6 13. Bg5 Qc7
14. Qh4 h6 15. Bxh6 Bxf3 16. Rxf3 1-0

[Event "Michigan Senior"]
[Site "Ann Arbor, MI"]
[Date "1998.??.??"]
[Round "?"]
[White "Richter, William"]
[Black "Levadi, David"]
[Result "0-1"]
[WhiteElo "1605"]
[BlackElo "1970"]
[PlyCount "62"]
[EventDate "1998.06.??"]

{6/13} 1. d4 d5 2. e4 dxe4 3. Nc3 Nf6 4. f3 exf3 5. Nxf3 c6 6. Bc4 Bg4 7. O-O
e6 8. Be3 Nbd7 9. Qe1 Nd5 10. Nxd5 cxd5 11. Bd3 Be7 12. Qg3 Nf6 13. Ne5 Bh5 14.
Qxg7 Rg8 15. Qh6 Bg6 16. Bxg6 hxg6 17. Qh3 g5 18. Qh5 Nxh5 19. Nxf7 Qc7 20. Ne5
Bd6 21. Rf7 Qxf7 22. Nxf7 Kxf7 23. Rf1+ Kg6 24. h3 Rgf8 25. Re1 Ng3 26. Bf2 Ne4
27. Be3 Bf4 28. c4 dxc4 29. Re2 Kf5 30. g4+ Kg6 31. d5 exd5 0-1

[Event "Kalamazoo Mini-Swiss.2"]
[Site "Kalamazoo, MI"]
[Date "1998.??.??"]
[Round "?"]
[White "Richardson, M."]
[Black "Richards, K."]
[Result "1-0"]
[WhiteElo "1605"]
[BlackElo "1605"]
[PlyCount "109"]
[EventDate "1998.??.??"]

1. e4 e5 2. Nf3 Nc6 3. Bc4 Nf6 4. d3 a6 5. a4 d6 6. O-O h5 7. Nc3 h4 8. h3 Be6
9. Bxe6 fxe6 10. Bg5 Be7 11. Bxh4 Nh5 12. Bxe7 Qxe7 13. h4 Nf4 14. g3 Nh5 15.
Ng5 O-O-O 16. Qf3 Rdf8 17. Qg4 Nd4 18. f4 Nf6 19. Qd1 exf4 20. Rxf4 e5 21. Rf2
c6 22. Ne2 Ng4 23. Rxf8+ Rxf8 24. Nxd4 Nf2 25. Qe2 exd4 26. Rf1 Qe5 27. Rxf2
Qxg3+ 28. Kf1 Rxf2+ 29. Qxf2 Qxf2+ 30. Kxf2 Kd7 31. c3 dxc3 32. bxc3 Ke7 33.
Kf3 Kf6 34. Kg4 b5 35. a5 c5 36. Nf3 g6 37. Kf4 b4 38. cxb4 cxb4 39. Ke3 b3 40.
Kd2 Ke6 41. Kc3 Kd7 42. Kxb3 Kc7 43. Kb4 Kc6 44. Kc4 Kc7 45. e5 g5 46. hxg5 Kc6
47. g6 d5+ 48. Kd4 Kb5 49. g7 Kxa5 50. g8=Q Kb5 51. Qxd5+ Kb4 52. Qc4+ Ka3 53.
Qc3+ Ka2 54. Kc4 Kb1 55. Kb3 1-0

[Event "Kalamazoo Mini-Swiss.2"]
[Site "Kalamazoo, MI"]
[Date "1998.??.??"]
[Round "?"]
[White "Richards, K."]
[Black "Thomas, Courtney"]
[Result "0-1"]
[WhiteElo "1605"]
[BlackElo "1605"]
[PlyCount "68"]
[EventDate "1998.??.??"]

1. e4 d5 2. e5 c5 3. d4 e6 4. dxc5 Bxc5 5. Nc3 Ne7 6. Bd3 Qc7 7. Nf3 Bd7 8. a4
Nbc6 9. Nb5 Qb8 10. Be3 Bxe3 11. fxe3 Nxe5 12. O-O a6 13. Nbd4 Nxd3 14. Qxd3
Ng6 15. Rae1 Bxa4 16. e4 Bc6 17. exd5 Bxd5 18. Ng5 O-O 19. h4 b5 20. h5 Bc4 21.
Qf3 Bxf1 22. hxg6 fxg6 23. Qh3 h6 24. Qxe6+ Kh8 25. Nf7+ Kh7 26. Rxf1 Qa7 27.
c3 Rae8 28. Ng5+ hxg5 29. Qh3+ Kg8 30. Rxf8+ Rxf8 31. Qe6+ Qf7 32. Qxf7+ Rxf7
33. Ne6 Re7 34. Nxg5 Re2 0-1

[Event "Michigan Amateur"]
[Site "Kalamazoo "]
[Date "1998.??.??"]
[Round "?"]
[White "Richards, K."]
[Black "Nolan, Dan"]
[Result "0-1"]
[WhiteElo "1605"]
[BlackElo "1605"]
[PlyCount "52"]
[EventDate "1998.07.??"]

{7/18} 1. e4 c5 2. e5 Nc6 3. Nf3 g6 4. Nc3 Bg7 5. d4 cxd4 6. Ne4 Nxe5 7. Nxd4
Nf6 8. Bf4 Nxe4 9. f3 Nc5 10. b4 Na4 11. Qd2 O-O 12. Bh6 Re8 13. Bb5 Nb6 14.
Bxg7 Kxg7 15. h4 a6 16. Be2 Nec4 17. Bxc4 Nxc4 18. Qc3 e5 19. Ne6+ Rxe6 20.
Qxc4 Qf6 21. h5 e4 22. h6+ Kg8 23. Rd1 exf3+ 24. Kf2 Re2+ 25. Kg1 fxg2 26. Rh2
Qf2# 0-1

[Event "Michigan Amateur"]
[Site "Kalamazoo "]
[Date "1998.??.??"]
[Round "?"]
[White "Richards, K."]
[Black "Morris, D."]
[Result "0-1"]
[WhiteElo "1605"]
[BlackElo "1605"]
[PlyCount "76"]
[EventDate "1998.07.??"]

{7/19} 1. e4 e5 2. d4 Nf6 3. Nf3 Nc6 4. dxe5 Nxe4 5. Qd5 Nc5 6. Bc4 Qe7 7. Be3
d6 8. O-O Be6 9. Qd1 Bxc4 10. exd6 Qxd6 11. Re1 O-O-O 12. Nbd2 Bb5 13. g3 g6
14. Bf4 Qd7 15. c4 Ba6 16. Ne5 Nxe5 17. Bxe5 Rg8 18. Bf6 Re8 19. Rxe8+ Qxe8 20.
Qg4+ Nd7 21. Kf1 Be7 22. Re1 h5 23. Qh3 g5 24. Rxe7 Qd8 25. Rxf7 g4 26. Qxh5
Nxf6 27. Qf5+ Kb8 28. Rxf6 b6 29. Ne4 Bxc4+ 30. Ke1 Qd3 31. Rf8+ Rxf8 32. Qxf8+
Kb7 33. Nc3 Qf1+ 34. Kd2 Qd3+ 35. Kc1 b5 36. Qa3 Kb6 37. b3 Qxc3+ 38. Kb1 Bd3#
0-1

[Event "Lansing Mini-Swiss.2"]
[Site "Lansing, MI"]
[Date "1998.??.??"]
[Round "?"]
[White "Repas, B."]
[Black "Haddad, Wade"]
[Result "0-1"]
[WhiteElo "1605"]
[BlackElo "1605"]
[PlyCount "68"]
[EventDate "1998.??.??"]

1. c4 e5 2. Nc3 Nc6 3. g3 Nf6 4. Bg2 Bc5 5. e3 O-O 6. Nge2 d6 7. O-O Bg4 8. Na4
Bb4 9. a3 Bc5 10. b4 Nxb4 11. axb4 Bxb4 12. Bxb7 Rb8 13. Bg2 d5 14. cxd5 Nxd5
15. f3 Bh5 16. Ba3 a5 17. Nac3 Nb6 18. Bxb4 axb4 19. Na4 Nc4 20. d3 Nxe3 21.
Qb3 Nxf1 22. Kxf1 Qf6 23. Qd5 e4 24. Nd4 exf3 25. Bxf3 Bxf3 26. Qxf3 Qxd4 27.
Qd1 Rfd8 28. Kg2 b3 29. Qf3 b2 30. Rb1 Qxd3 31. Qxd3 Rxd3 32. Nxb2 Rdb3 33. Kg1
Rxb2 34. Rxb2 Rxb2 0-1

[Event "Lansing Mini-Swiss.2"]
[Site "Lansing, MI"]
[Date "1998.??.??"]
[Round "?"]
[White "Reist, Douglas"]
[Black "Griffin, John"]
[Result "0-1"]
[WhiteElo "1605"]
[BlackElo "1605"]
[PlyCount "60"]
[EventDate "1998.??.??"]

1. e4 c5 2. Nf3 Nc6 3. d4 cxd4 4. Nxd4 Nf6 5. Nc3 e5 6. Nb3 Bb4 7. Bd2 O-O 8.
f3 Bxc3 9. Bxc3 d5 10. Bd3 dxe4 11. fxe4 b6 12. Qe2 Bg4 13. Qf2 Qc7 14. h3 Be6
15. Nd2 Rad8 16. g4 Nd7 17. g5 Nc5 18. Be2 f5 19. Qg2 Nd4 20. O-O-O Nxe2+ 21.
Qxe2 f4 22. h4 Na4 23. Bb4 Rc8 24. Nb1 Rfd8 25. Rxd8+ Rxd8 26. Qa6 Nc5 27. Bxc5
Qxc5 28. Re1 Qf2 29. Rd1 Rxd1+ 30. Kxd1 Bg4+ 0-1

[Event "Lansing Mini-Swiss.3"]
[Site "Lansing, MI"]
[Date "1998.??.??"]
[Round "?"]
[White "Reist, Douglas"]
[Black "Gregg, Ted"]
[Result "1-0"]
[WhiteElo "1605"]
[BlackElo "1605"]
[PlyCount "61"]
[EventDate "1998.??.??"]

1. e4 e5 2. Nf3 Nc6 3. Bb5 a6 4. Ba4 Nf6 5. O-O Be7 6. Re1 b5 7. Bb3 d5 8. exd5
Nxd5 9. d4 exd4 10. Nxd4 Nxd4 11. Qxd4 Be6 12. Qxg7 Bf6 13. Qg3 Qd6 14. Qxd6
cxd6 15. Bxd5 Rc8 16. c3 Kd7 17. Bb7 Rc5 18. Be3 Re5 19. Bxa6 Bg5 20. Na3 Rb8
21. f4 Bh4 22. g3 Rg8 23. Kf2 Rh5 24. Bxb5+ Ke7 25. Be2 Bxg3+ 26. hxg3 Rh2+ 27.
Kg1 Rh3 28. Bf2 Bd5 29. Bg4+ Kf6 30. Bxh3 Rg6 31. Bd4# 1-0

[Event "Lansing Mini-Swiss.3"]
[Site "Lansing, MI"]
[Date "1998.??.??"]
[Round "?"]
[White "Reist, Douglas"]
[Black "Davidson, R."]
[Result "1-0"]
[WhiteElo "1605"]
[BlackElo "1605"]
[PlyCount "69"]
[EventDate "1998.??.??"]

1. e4 c6 2. d4 d5 3. f3 e6 4. Be3 dxe4 5. Nd2 exf3 6. Ngxf3 Nf6 7. Bd3 Nbd7 8.
O-O Be7 9. Qe2 Nd5 10. c4 Nxe3 11. Qxe3 Nf6 12. Ne4 O-O 13. Qe2 b6 14. Rad1 Bb7
15. Bc2 Nxe4 16. Qxe4 g6 17. b3 Qc7 18. h4 h5 19. Ne5 Bf6 20. Rxf6 Kg7 21. Rdf1
Rae8 22. Rxf7+ Rxf7 23. Rxf7+ Qxf7 24. Nxf7 Kxf7 25. Qxg6+ Ke7 26. Qg7+ Kd8 27.
Qxb7 c5 28. dxc5 bxc5 29. Qxa7 e5 30. Qxc5 Re7 31. Qd6+ Ke8 32. Qg6+ Kd8 33.
Qxh5 e4 34. Bxe4 Rxe4 35. Qd5+ 1-0